00541nam a2200169Ia 4500003000900000008004100009020001800050040001600068080001600084110002800100245012700128250001300255260004400268300001100312650002900323650001900352IN-BaIIA211028s9999 xx 000 0 eng d a0-85229-413-1 cIIA Library a031bEBR-19 aEncyclopedia Britannica 4aThe New Encyclopaedia Britannica in 30 volumes : Micropaediabvol. XIX, Ready Reference and IndexcEncyclopedia Britannica a15th ed. aChicagobEncyclopaedia Britannicac1984 a1180p. aEncyclopedia-Macropaedia aNASA Thesaurus